Propiciando el éxito escolar /
Gardado en:
| Autor Principal: | |
|---|---|
| Outros autores: | |
| Formato: | Libro |
| Idioma: | Spanish |
| Publicado: |
San José, Costa Rica :
MEP,
2006
|
| Materias: | |
| Etiquetas: |
Engadir etiqueta
Sen Etiquetas, Sexa o primeiro en etiquetar este rexistro!
|
MARC
| LEADER | 00000nam a2200000Ia 4500 | ||
|---|---|---|---|
| 008 | 180515b2006 cr ||||| |||| 00| | spa d | ||
| 999 | |c 1868 |d 1868 | ||
| 090 | |a 06.03.07 |b 1597 CD #87 | ||
| 100 | 1 | |a Rojas, Alvarado, Grace |9 1812 | |
| 245 | 1 | 0 | |a Propiciando el éxito escolar / |c Grace Rojas Alvarado; Norma Solís Sánchez |
| 260 | |a San José, Costa Rica : |b MEP, |c 2006 | ||
| 300 | |a 64 páginas | ||
| 500 | |a Material complementario: video propiciando el éxito escolar (dvd) | ||
| 650 | 1 | 4 | |a PROCESO DE APRENDIZAJE |9 1523 |
| 650 | 1 | 4 | |a ÉXITO |9 3641 |
| 700 | 1 | |a Solís Sánchez, Norma |9 2476 | |
| 942 | |i 002190 ,002936 ,003300 |h 06.03.07 1597 CD #87 |2 z |c 04 | ||
